000 00348nam a2200133Ia 4500
008 240624s9999 xx 000 0 und d
041 _aeng
082 _a658.8342 SIR
100 _aSIRIYA PRATIBHA M
245 _aCONSUMER WELFARE PROTECTION AND GRAHAK P
260 _c2010
_aNagpur
_bVisa Books
300 _a250 : p. : cm. ; 21
365 _cRS
_b20
999 _c16552
_d16552